000 00521nam a2200181Ia 4500
003 GCL
008 140319s9999 xx 000 0 ara d
040 _aGCL /
_cGCL
082 0 4 _aد
_b050
_bم ف
100 1 _aالمؤسسة المصرية العامة
245 1 0 _aالفكر المعاصر /
_cالمؤسسة المصرية العامة
300 _a117 ص
650 0 4 _aالفلسفة
650 0 4 _aالمسرح
650 0 4 _aالتكنولوجيا
650 0 4 _aالوحدة العربية
942 _2ddc
_cBK
999 _c27426
_d27426